Spiritual assessment in social work and mental health practice
Ebook from IG Library
সংরক্ষণ করুন:
| প্রধান লেখক: | |
|---|---|
| বিন্যাস: | গ্রন্থ |
| ভাষা: | Undetermined |
| প্রকাশিত: |
Columbia University Press
2015
|
| বিষয়গুলি: | |
| অনলাইন ব্যবহার করুন: | http://lrc.tdmu.edu.vn/opac/search/detail.asp?aID=2&ID=39340 |
| ট্যাগগুলো: |
ট্যাগ যুক্ত করুন
কোনো ট্যাগ নেই, প্রথমজন হিসাবে ট্যাগ করুন!
|
| Thư viện lưu trữ: | Trung tâm Học liệu Trường Đại học Thủ Dầu Một |
|---|
| LEADER | 00660nam a2200181Ia 4500 | ||
|---|---|---|---|
| 001 | TDMU_39340 | ||
| 008 | 210410s9999 xx 000 0 und d | ||
| 082 | |a 305 | ||
| 100 | |a David R., Hodge | ||
| 245 | 0 | |a Spiritual assessment in social work and mental health practice | |
| 245 | 0 | |c Hodge David R | |
| 260 | |b Columbia University Press | ||
| 260 | |c 2015 | ||
| 300 | |a 219 Pages | ||
| 520 | |a Ebook from IG Library | ||
| 650 | |a Social work |x Mental health ; Công tác xã hội |x Sức khỏe tâm thần | ||
| 856 | |u http://lrc.tdmu.edu.vn/opac/search/detail.asp?aID=2&ID=39340 | ||
| 980 | |a Trung tâm Học liệu Trường Đại học Thủ Dầu Một | ||